Recurring library issues : a reader /

Bibliographic Details
Other Authors: Coughlin, Caroline M.
Format: Book
Language:English
Published: Metuchen, N.J. : Scarecrow Press, 1979.
Subjects:

MARC

Tag First Indicator Second Indicator Subfields
LEADER 00000pam a2200000 i 4500
001 in00000100708
005 20150924161007.0
008 790514s1979 nju b 00000 eng
010 |a  79014966  
020 |a 0810812274 
035 |a (OCoLC)05029648 
035 |9 AAL0812AM 
040 |a DLC  |c DLC  |d TXA  |d UtOrBLW 
049 |a TXAM  |c [979481] 
050 0 0 |a Z674  |b .R385 
082 0 |a 020 
245 0 0 |a Recurring library issues :  |b a reader /  |c edited by Caroline M. Coughlin. 
264 1 |a Metuchen, N.J. :  |b Scarecrow Press,  |c 1979. 
300 |a xxii, 521 pages ;  |c 22 cm. 
336 |a text  |b txt  |2 rdacontent 
337 |a unmediated  |b n  |2 rdamedia 
338 |a volume  |b nc  |2 rdacarrier 
504 |a Includes bibliographical references. 
650 0 |a Libraries. 
650 0 |a Librarians. 
650 0 |a Library administration. 
700 1 |a Coughlin, Caroline M. 
999 |a MARS 
999 f f |s dab9f4ee-9fbe-3634-b925-92e746338ccc  |i 3a6c03b6-ed7b-3449-8336-131a5e84c52f  |t 0 
952 f f |p ric  |a Texas A&M University  |b Rellis Campus  |c Joint Library Facility  |d Remote Storage  |t 0  |e Z674 .R385  |h Library of Congress classification  |i unmediated -- volume  |m A14805732170 
998 f f |a Z674 .R385  |t 0  |l Remote Storage